Vnešneekonomičeskaja strategija SSSR vo vzaimosvjazannom mire: vybor prioritetov.

Názor, že orientovať sovietsku zahraničnú ekonomiku iba na Západ a ignorovať rozvojové krajiny by bolo veľmi nebezpečnou chybou. V mnohých prípadoch špecifické zvláštnosti exportných a importných trhov v "treťom svete" podstatne viac zodpovedajú štruktúre a úrovni sovietskych možností. Ekonomická sp...

Descrizione completa

Salvato in:
Dettagli Bibliografici
Autore principale: Zevin, L.
Natura: Capitolo di libro
Lingua:russo
Soggetti:
Tags: Aggiungi Tag
Nessun Tag, puoi essere il primo ad aggiungerne!!

MARC

LEADER 00000naa a2200000 4500
001 r006115
005 20221130103748.2
041 0 |a rus 
044 |a [SU] 
245 1 0 |a Vnešneekonomičeskaja strategija SSSR vo vzaimosvjazannom mire: vybor prioritetov.  |c L. Zevin 
520 |a Názor, že orientovať sovietsku zahraničnú ekonomiku iba na Západ a ignorovať rozvojové krajiny by bolo veľmi nebezpečnou chybou. V mnohých prípadoch špecifické zvláštnosti exportných a importných trhov v "treťom svete" podstatne viac zodpovedajú štruktúre a úrovni sovietskych možností. Ekonomická spolupráca so Západom naráža na veľké ťažkosti. Ich charakteristika. 
610 2 0 |a vzťahy hospodárske vonkajšie 
610 2 0 |a ZSSR 
610 2 0 |a politika zahraničnoobchodná 
610 2 0 |a vývoz 
610 2 0 |a dovoz 
610 2 0 |a krajiny rozvojové 
610 2 0 |a spolupráca hospodárska medzinárodná 
610 2 0 |a západná Európa 
100 1 |a Zevin, L.